| 000 | 01050nam a2200241 a 4500 | ||
|---|---|---|---|
| 001 | 46838 | ||
| 003 | BD-RjUL | ||
| 005 | 20211209054219.0 | ||
| 008 | 160804m19621961p || ||||||| 0 |eng| | ||
| 020 | _c: PRs. 12.50 (V-7) | ||
| 035 | _a(BD-RjUL)46957 | ||
| 040 |
_aDLC _cCarP _dDLC _dBD-RjUL _beng |
||
| 041 | _aeng | ||
| 082 |
_223 _a340.9549 _bEAE 1961 |
||
| 110 | 1 |
_aEast Pakistan. _bLaw (legislative) Department _9151399 |
|
| 245 | 1 | 0 |
_aEast Pakistan code / _cEast Pakistan. Law (legislative) Department |
| 260 |
_aDacca : _bEast Pakistan Government Press, _c1961 |
||
| 300 |
_a v. ; _c26 cm. |
||
| 505 | 0 | _aVol. 4, Bengal Acts 1920 to 1930 -- v. 6, Bengal Acts and Regulations, 1939 to 1947 (up to 14-8-1947) -- v. 7, East Bengal Acts, Regulations and Ordinances from the 15th August, 1947 to the 22nd March, 1956 and East Pakistan Acts, Regulations and Ordinances from the 23rd March, 1956 to the 31st December,1959 -- v-2 (Bengal Acts 1862 to 1889) -- | |
| 650 |
_aLaw _zEast Pakistan _9142691 |
||
| 650 |
_aLaw _9142692 |
||
| 942 |
_2ddc _cBK |
||
| 999 |
_c46838 _d46838 |
||